000 00196nam a22000977a 4500
041 _aeng
080 _a80
100 _aColes, W. E.
245 _aA Critical Commentary: The Crucible
999 _c282196
_d282196
942 _cBK